000 00621nam a2200217Ia 4500
003 GCL
008 140319s9999 xx 000 0 ara d
040 _aGCL /
_cGCL
082 0 4 _aق
_b610.9
_bل ت
100 1 _aمحمود ماهر طه
245 1 0 _aالتداوى بالاعشاب فى مصر القديمة /
_cمحمود ماهر طه
700 1 _aمانكه ليز
700 1 _aاحمد زهير امين
260 _a[S.N] :
_bمكتبة مدبولى ،
_c1993
300 _a388 ص
490 _a
650 0 4 _aتاريخ
650 0 4 _aالطب
650 0 4 _aمصر القديمة
942 _2ddc
_cBK
999 _c57960
_d57960